Koszty w przedsiebiorstwie zarzadzanym przez wartosc ujecie modelowe
Enregistré dans:
| Auteur principal: | |
|---|---|
| Format: | Livre |
| Langue: | polonais |
| Publié: |
Poznan
Wydawnictwo Akademii Ekonomicznej w Poznaniu
2006
|
| Collection: | Prace habilitacyjne
29 |
| Sujets: | |
| Tags: |
Pas de tags, Soyez le premier à ajouter un tag!
|
MARC
| LEADER | 00000nam$a2200000$$$4500 | ||
|---|---|---|---|
| 001 | 0051558 | ||
| 005 | 20240318120332.8 | ||
| 020 | |a 978-83-7417-211-0 | ||
| 022 | |a 1642-3119 | ||
| 041 | 0 | |a pol | |
| 044 | |a PL | ||
| 245 | 1 | 0 | |a Koszty w przedsiebiorstwie zarzadzanym przez wartosc |b ujecie modelowe |c Cezary Kochalski |
| 264 | 1 | |a Poznan |b Wydawnictwo Akademii Ekonomicznej w Poznaniu |c 2006 | |
| 300 | |a 180 s. | ||
| 490 | 1 | |a Prace habilitacyjne |v 29 | |
| 830 | 0 | |a Prace habilitacyjne |v 29 | |
| 610 | 2 | 0 | |a podnik |
| 610 | 2 | 0 | |a náklady |
| 610 | 2 | 0 | |a riadenie podnikové |
| 610 | 2 | 0 | |a analýza nákladov |
| 610 | 2 | 0 | |a hodnota podniku |
| 610 | 2 | 0 | |a klienti |
| 610 | 2 | 0 | |a hodnota trhová |
| 610 | 2 | 0 | |a kapitál intelektuálny |
| 610 | 2 | 0 | |a modely ekonomicko-matematické |
| 100 | 1 | |a Kochalski, Cezary | |